000 00905nam a2200265 a 4500
001 000042466
005 20201002040157.0
008 131204s2000 sp a 000 0 spa d
020 _a8470398660
040 _aDO-SdBNP
_bspa
_cBNPHU
082 _axxxxxx
_bxxxxxx
100 1 _aMachado, Manuel
_939339
245 1 0 _aAlma; Caprichos ; El mal Poema /
_cManuel Machada ; edición, introducción y notas Rafael Alarcón Sierra.
260 _aEspaña, :
_bCastalia,
_c2000.
300 _a297 p. :
_bil. ;
_c18 cm.
490 1 _aClásicos castalia
_v255
500 _aIncluye notas al pie de las páginas
500 _aIncluye índice de láminas
563 _aTres obras encuadernadas juntas con paginación continua
590 _aInventariado, 2019/VM
700 1 _aAlarcón Sierra, Rafael,
_eed.
_969642
740 0 _aCaprichos
740 3 _aEl mal poemas
830 0 _aClásicos castalia
_n255
_969643
999 _c41955
_d41955